[Event "FIDE World Senior Team Championship 2020"]
[Site "Olympik hotel, Sokolovska 138, Prague"]
[Date "2020.03.11"]
[Round "6.1.1"]
[White "Birnboim, Nathan"]
[Black "Knaak, Rainer"]
[Result "1-0"]
[WhiteElo "2369"]
[BlackElo "2478"]
[PlyCount "93"]
[WhiteTeam "ISR1"]
[BlackTeam "GER1"]
[EventDate "2020.03.06"]

1. e4 e6 2. d4 d5 3. Nd2 c5 4. Ngf3 Nf6 5. exd5 exd5 6. Bb5+ Bd7 7. Bxd7+ Nbxd7
8. O-O Be7 9. dxc5 Nxc5 10. Nd4 O-O 11. N2b3 Qd7 12. Qf3 Rfe8 13. Rd1 Rac8 14.
c3 Nce4 15. Nf5 Bd8 16. Be3 Re5 17. Ng3 Nxg3 18. hxg3 a6 19. Bd4 Rf5 20. Qd3
Rh5 21. Re1 Ne4 22. Qe2 Rh6 23. Nc5 Qc6 24. Nxe4 dxe4 25. Qxe4 Bb6 26. Qxc6
Rhxc6 27. Rad1 Bxd4 28. Rxd4 R6c7 29. f3 Kf8 30. Kf2 h5 31. Re5 g6 32. Ke3 Re8
33. Rxe8+ Kxe8 34. g4 hxg4 35. Rxg4 Ke7 36. Rd4 Rc6 37. Kd3 b5 38. a4 bxa4 39.
Rxa4 Ke6 40. Ra5 f5 41. c4 Kd6 42. Kd4 Ke6 43. b4 g5 44. Re5+ Kf6 45. Re2 Rb6
46. Kc5 Rb8 47. b5 1-0

[Event "FIDE World Senior Team Championship 2020"]
[Site "Olympik hotel, Sokolovska 138, Prague"]
[Date "2020.03.11"]
[Round "6.1.2"]
[White "Chevelevitch, Evgueni, Dr."]
[Black "Maryasin, Boris"]
[Result "0-1"]
[WhiteElo "2391"]
[BlackElo "2305"]
[PlyCount "60"]
[WhiteTeam "GER1"]
[BlackTeam "ISR1"]
[EventDate "2020.03.06"]

1. e4 c5 2. Nf3 Nc6 3. d4 cxd4 4. Nxd4 Qb6 5. Nb3 Nf6 6. Nc3 e6 7. a3 Qc7 8.
Be3 a6 9. f4 d6 10. Bd3 b5 11. O-O Bb7 12. Qf3 g6 13. Qh3 Bg7 14. f5 exf5 15.
exf5 Ne5 16. Bh6 O-O 17. Bxg7 Kxg7 18. Rf4 g5 19. Qg3 h6 20. Rd4 Rae8 21. h4 g4
22. Be2 Kh7 23. Rad1 Rd8 24. Kh1 Rfe8 25. Bd3 Nxd3 26. cxd3 Re5 27. Re1 Rde8
28. Rxe5 Rxe5 29. Nd2 Qb6 30. Nb3 a5 0-1

[Event "FIDE World Senior Team Championship 2020"]
[Site "Olympik hotel, Sokolovska 138, Prague"]
[Date "2020.03.11"]
[Round "6.1.3"]
[White "Shevelev, Arkady"]
[Black "Hort, Vlastimil"]
[Result "1/2-1/2"]
[WhiteElo "2278"]
[BlackElo "2397"]
[PlyCount "135"]
[WhiteTeam "ISR1"]
[BlackTeam "GER1"]
[EventDate "2020.03.06"]

1. e4 c5 2. Nf3 e6 3. d4 cxd4 4. Nxd4 Nc6 5. Nc3 a6 6. g3 d6 7. Bg2 Bd7 8. O-O
Nf6 9. Re1 Be7 10. Nxc6 Bxc6 11. b3 Qc7 12. Bb2 O-O 13. Qe2 Rfe8 14. Rad1 b5
15. a3 Rac8 16. Qd2 Bb7 17. Rc1 Red8 18. Qe2 Qb8 19. h3 h6 20. Nb1 Nd7 21. Nd2
Bf6 22. Bxf6 Nxf6 23. c4 bxc4 24. bxc4 Nd7 25. Rb1 Qc7 26. Rec1 Bc6 27. Nb3 Ba4
28. Nd4 Nc5 29. Qe3 Rb8 30. Rb4 Be8 31. Kh2 Kh7 32. e5 dxe5 33. Nc6 Bxc6 34.
Qxc5 Rbc8 35. Bxc6 Qxc6 36. Qxe5 Rd3 37. c5 Rxa3 38. Qe4+ Qxe4 39. Rxe4 Rc6 40.
Kg2 g5 41. h4 Kg6 42. hxg5 hxg5 43. Rd4 Kf6 44. g4 Ke7 45. Rb4 Kf6 46. Rd4 Ra5
47. Rdc4 Ke5 48. R4c2 Ra4 49. Kg3 Kd5 50. f3 Rd4 51. Kf2 e5 52. Rc3 f6 53. Ke2
Ke6 54. Ra1 f5 55. gxf5+ Kxf5 56. Ke3 Rh4 57. Ra5 Rh3 58. Rc4 Rh2 59. Rb4 Rhh6
60. Rb8 Rh3 61. Rb4 Ke6 62. Rg4 Kf6 63. Ke4 Re6 64. Ra2 Rh1 65. Rag2 Re1+ 66.
Kd3 Rd1+ 67. Ke2 Rc1 68. Rxg5 1/2-1/2

[Event "FIDE World Senior Team Championship 2020"]
[Site "Olympik hotel, Sokolovska 138, Prague"]
[Date "2020.03.11"]
[Round "6.1.4"]
[White "Buchal, Stephan"]
[Black "Lederman, Leon"]
[Result "0-1"]
[WhiteElo "2276"]
[BlackElo "2234"]
[PlyCount "70"]
[WhiteTeam "GER1"]
[BlackTeam "ISR1"]
[EventDate "2020.03.06"]

1. c4 c6 2. Nf3 d5 3. g3 Nf6 4. Bg2 Bf5 5. O-O e6 6. cxd5 exd5 7. d3 Be7 8. Nc3
O-O 9. Qb3 Nbd7 10. Nd4 Nc5 11. Qc2 Bc8 12. Rb1 a5 13. b3 Re8 14. Bb2 h5 15. e4
h4 16. Rbe1 dxe4 17. Nxe4 Nfxe4 18. dxe4 a4 19. Qc3 Bf8 20. b4 a3 21. Ba1 Na6
22. Rb1 Nxb4 23. Rxb4 c5 24. Rc4 cxd4 25. Rxd4 Qa5 26. Qd3 Be6 27. Bc3 Qa6 28.
Qb1 Rad8 29. Rfd1 Rxd4 30. Rxd4 Qe2 31. Rd2 Qc4 32. Ba5 Rc8 33. Bf1 Qc1 34.
Qxc1 Rxc1 35. Kg2 h3+ 0-1

[Event "FIDE World Senior Team Championship 2020"]
[Site "Olympik hotel, Sokolovska 138, Prague"]
[Date "2020.03.11"]
[Round "6.2.1"]
[White "Balashov, Yuri S"]
[Black "Boidman, Yuri"]
[Result "1-0"]
[WhiteElo "2465"]
[BlackElo "2335"]
[PlyCount "106"]
[WhiteTeam "RUS"]
[BlackTeam "GER2"]
[EventDate "2020.03.06"]

1. e4 c5 2. Nf3 Nc6 3. d4 cxd4 4. Nxd4 Nf6 5. Nc3 d6 6. Bg5 e6 7. Qd2 a6 8.
O-O-O Bd7 9. f3 Be7 10. h4 h6 11. Be3 h5 12. Bg5 b5 13. Nxc6 Bxc6 14. Ne2 Qb8
15. Nd4 Bd7 16. Bd3 Qb6 17. Be3 Qb8 18. Kb1 O-O 19. Bg5 Qb6 20. Qe3 Rfb8 21. e5
dxe5 22. Qxe5 Qc5 23. Bxf6 gxf6 24. Qg3+ Kf8 25. Be4 e5 26. Nb3 Qc7 27. Bxa8
Rxa8 28. Qf2 a5 29. Nd2 f5 30. f4 Bf6 31. Nf3 e4 32. Ne5 Be6 33. g3 a4 34. Qd4
Kg7 35. Qd6 Qa7 36. a3 Rc8 37. Nc6 Rxc6 38. Qxc6 b4 39. Rd6 bxa3 40. Rxe6 fxe6
41. Rd1 Qb8 42. Rd7+ Kg6 43. Rb7 Qf8 44. Qxe6 axb2 45. Rb5 Qe7 46. Qxf5+ Kg7
47. Rd5 Qa3 48. Rd7+ Be7 49. Qe5+ Kg8 50. Qxb2 Qc5 51. Qd4 e3 52. Qxc5 Bxc5 53.
Rd5 1-0

[Event "FIDE World Senior Team Championship 2020"]
[Site "Olympik hotel, Sokolovska 138, Prague"]
[Date "2020.03.11"]
[Round "6.2.3"]
[White "Kalegin, Evgenij"]
[Black "Salov, Sergej"]
[Result "1/2-1/2"]
[WhiteElo "2431"]
[BlackElo "2135"]
[PlyCount "102"]
[WhiteTeam "RUS"]
[BlackTeam "GER2"]
[EventDate "2020.03.06"]

1. e4 c5 2. Nf3 e6 3. g3 d5 4. exd5 exd5 5. d4 Nf6 6. Bg2 Be7 7. O-O O-O 8. Nc3
h6 9. Be3 cxd4 10. Nxd4 Bg4 11. Qd3 Qd7 12. Qb5 Rd8 13. Qxd7 Rxd7 14. h3 Bh5
15. Nf5 Nc6 16. Nxe7+ Nxe7 17. Bd4 Ne8 18. g4 Bg6 19. Rac1 Nc6 20. Rfd1 Nc7 21.
f4 Ne6 22. Be3 d4 23. f5 Rad8 24. fxg6 dxe3 25. gxf7+ Kxf7 26. Rf1+ Kg8 27.
Rce1 Ned4 28. Bxc6 bxc6 29. Rxe3 Nxc2 30. Re2 Nd4 31. Ref2 Re7 32. Kg2 a5 33.
Rd1 Red7 34. Rfd2 Rd6 35. Ne4 Rd5 36. Rc1 Kf7 37. Rf2+ Ke7 38. Nc5 Re5 39. Nd3
Re3 40. Nf4 g5 41. Nh5 Kd6 42. Ng3 Kc7 43. Nf5 Nxf5 44. gxf5 Rf8 45. f6 Rf7 46.
Rc5 Re6 47. Rcf5 a4 48. Kg3 Re4 49. Ra5 Kb6 50. Raf5 Rd4 51. Kf3 Kc7 1/2-1/2

[Event "FIDE World Senior Team Championship 2020"]
[Site "Olympik hotel, Sokolovska 138, Prague"]
[Date "2020.03.11"]
[Round "6.3.1"]
[White "Farago, Ivan"]
[Black "Klundt, Klaus"]
[Result "1/2-1/2"]
[WhiteElo "2359"]
[BlackElo "2299"]
[PlyCount "30"]
[WhiteTeam "HUN"]
[BlackTeam "GER5"]
[EventDate "2020.03.06"]

1. d4 d5 2. c4 e6 3. Nf3 Nf6 4. Nc3 Be7 5. Bf4 O-O 6. e3 Nbd7 7. Qc2 c5 8. cxd5
Nxd5 9. Nxd5 exd5 10. Bd3 Qa5+ 11. Ke2 g6 12. Qc3 Qb6 13. b3 Re8 14. Rhd1 cxd4
15. Nxd4 Nc5 1/2-1/2

[Event "FIDE World Senior Team Championship 2020"]
[Site "Olympik hotel, Sokolovska 138, Prague"]
[Date "2020.03.11"]
[Round "6.3.2"]
[White "Kannenberg, Karl-Heinz"]
[Black "Horvath, Tamas"]
[Result "1-0"]
[WhiteElo "2118"]
[BlackElo "2304"]
[PlyCount "79"]
[WhiteTeam "GER5"]
[BlackTeam "HUN"]
[EventDate "2020.03.06"]

1. d4 g6 2. Nf3 Bg7 3. e3 d6 4. Be2 Nd7 5. O-O e5 6. c4 Nh6 7. e4 O-O 8. dxe5
dxe5 9. Nc3 c6 10. h3 Qe7 11. Be3 f6 12. Qc2 Nf7 13. a3 Nc5 14. Rfd1 Ne6 15. b4
Nfg5 16. c5 f5 17. Nxg5 Nxg5 18. Bxg5 Qxg5 19. Bc4+ Kh8 20. Qd3 Bf6 21. Ra2 Rd8
22. Qe2 Rd4 23. Rxd4 exd4 24. e5 Bg7 25. Nd1 Bd7 26. Nb2 Qc1+ 27. Nd1 Re8 28.
e6 Bc8 29. g3 Qg5 30. Qe1 b5 31. Bb3 f4 32. Re2 Re7 33. Kh2 h5 34. Nb2 fxg3+
35. fxg3 h4 36. Nd3 Qf5 37. Re4 Qf3 38. Rxh4+ Kg8 39. Qe4 Qf8 40. Qxg6 1-0

[Event "FIDE World Senior Team Championship 2020"]
[Site "Olympik hotel, Sokolovska 138, Prague"]
[Date "2020.03.11"]
[Round "6.3.3"]
[White "Hardicsay, Peter"]
[Black "Krauseneck, Peter, Dr."]
[Result "1/2-1/2"]
[WhiteElo "2203"]
[BlackElo "2126"]
[PlyCount "117"]
[WhiteTeam "HUN"]
[BlackTeam "GER5"]
[EventDate "2020.03.06"]

1. d4 e6 2. e4 b6 3. Bd3 Bb7 4. Nc3 Nf6 5. Nf3 Bb4 6. Qe2 d5 7. exd5 Nxd5 8.
Bd2 Nxc3 9. bxc3 Be7 10. h4 Nd7 11. h5 h6 12. Rh3 Bf6 13. Kf1 Qe7 14. a4 a5 15.
Rg3 Qd6 16. Kg1 O-O-O 17. Be4 Rhe8 18. Bxb7+ Kxb7 19. Qe4+ Qc6 20. Qxc6+ Kxc6
21. Bf4 Rg8 22. Rb1 Nb8 23. Be5 Nd7 24. Bf4 Nb8 25. Ne5+ Bxe5 26. Bxe5 f6 27.
Bf4 Kd7 28. Re3 Na6 29. c4 Rge8 30. c3 Re7 31. g4 Rde8 32. Rbe1 Nb8 33. Kg2 Nc6
34. Bg3 Nd8 35. Kf3 Nb7 36. Ke2 e5 37. Kd3 Kd6 38. f3 Nd8 39. Kc2 Nc6 40. Rd1
Kd7 41. dxe5+ Kc8 42. f4 fxe5 43. fxe5 Re6 44. Rf1 g6 45. Rh1 Kd7 46. Rd1+ Kc8
47. Rf1 Nb8 48. hxg6 Rxg6 49. Rf7 Ree6 50. Re4 Nd7 51. Rh7 Nc5 52. Rf4 Nxa4 53.
Rff7 Rc6 54. e6 Rgxe6 55. Rxc7+ Rxc7 56. Rxc7+ Kd8 57. Rh7 Rg6 58. Be5 Rxg4 59.
Rxh6 1/2-1/2

[Event "FIDE World Senior Team Championship 2020"]
[Site "Olympik hotel, Sokolovska 138, Prague"]
[Date "2020.03.11"]
[Round "6.3.4"]
[White "Seibold, Hubert, Dr."]
[Black "Dory, Jeno"]
[Result "1/2-1/2"]
[WhiteElo "2123"]
[BlackElo "2170"]
[PlyCount "57"]
[WhiteTeam "GER5"]
[BlackTeam "HUN"]
[EventDate "2020.03.06"]

1. c4 c5 2. Nc3 Nc6 3. g3 g6 4. Bg2 Bg7 5. Nf3 e5 6. a3 a5 7. Rb1 d6 8. d3 Nge7
9. Bd2 O-O 10. O-O Rb8 11. Ne1 Be6 12. Nc2 d5 13. cxd5 Nxd5 14. Nxd5 Bxd5 15.
Bxd5 Qxd5 16. b4 cxb4 17. axb4 axb4 18. Nxb4 Nxb4 19. Bxb4 Rfc8 20. Qb3 Qd7 21.
Rfc1 Rxc1+ 22. Rxc1 Rc8 23. Rb1 b5 24. Ba5 Rb8 25. Bb4 h5 26. h4 Qc6 27. Qc3
Qxc3 28. Bxc3 f6 29. Kf1 1/2-1/2

[Event "FIDE World Senior Team Championship 2020"]
[Site "Olympik hotel, Sokolovska 138, Prague"]
[Date "2020.03.11"]
[Round "6.4.1"]
[White "Jansa, Vlastimil"]
[Black "Vaisser, Anatoly"]
[Result "0-1"]
[WhiteElo "2439"]
[BlackElo "2495"]
[PlyCount "62"]
[WhiteTeam "CZE1"]
[BlackTeam "FRA"]
[EventDate "2020.03.06"]

1. e4 e6 2. d4 d5 3. Nd2 c5 4. Ngf3 Nc6 5. exd5 exd5 6. Bb5 Qe7+ 7. Be2 Qc7 8.
O-O Nf6 9. Re1 cxd4 10. Nb3 Be7 11. Nbxd4 a6 12. Bg5 O-O 13. c3 h6 14. Bh4 Re8
15. Qb3 Na5 16. Qc2 Bd7 17. Bd3 Nc4 18. Re2 Qb6 19. Rae1 Bc5 20. Qb3 g5 21. Bg3
Rxe2 22. Rxe2 Qxb3 23. axb3 Nb6 24. b4 Bf8 25. h4 g4 26. Ne5 a5 27. bxa5 Rxa5
28. Bf5 Bxf5 29. Nxf5 Nc4 30. Nxc4 dxc4 31. Be5 Nd7 0-1

[Event "FIDE World Senior Team Championship 2020"]
[Site "Olympik hotel, Sokolovska 138, Prague"]
[Date "2020.03.11"]
[Round "6.4.2"]
[White "Giffard, Nicolas"]
[Black "Hausner, Ivan"]
[Result "1-0"]
[WhiteElo "2236"]
[BlackElo "2339"]
[PlyCount "79"]
[WhiteTeam "FRA"]
[BlackTeam "CZE1"]
[EventDate "2020.03.06"]

1. d4 Nf6 2. c4 g6 3. Nc3 d5 4. Nf3 Bg7 5. cxd5 Nxd5 6. Qa4+ Nc6 7. e3 O-O 8.
Nxd5 Qxd5 9. Bc4 Qd6 10. Bd2 Bd7 11. Qa3 Qxa3 12. bxa3 e5 13. Rb1 exd4 14. Rxb7
Rab8 15. Rxc7 Rb1+ 16. Ke2 Rxh1 17. Rxd7 dxe3 18. fxe3 Rb1 19. Bd5 Ne5 20. Nxe5
Bxe5 21. Bb4 Rc8 22. Bxf7+ Kh8 23. Rxa7 Rbc1 24. h3 R1c7 25. Rxc7 Rxc7 26. Bd5
Kg7 27. a4 Rd7 28. e4 Ra7 29. Bb3 Kf6 30. Bc5 Ra6 31. Kd3 Kg5 32. Kc4 Kf4 33.
Kb5 Ra8 34. Bd5 Rb8+ 35. Bb6 Kg3 36. a5 Kxg2 37. a6 g5 38. a7 Kxh3 39. axb8=Q
Bxb8 40. Bd4 1-0

[Event "FIDE World Senior Team Championship 2020"]
[Site "Olympik hotel, Sokolovska 138, Prague"]
[Date "2020.03.11"]
[Round "6.4.3"]
[White "Lechtynsky, Jiri"]
[Black "Boudre, Jean-Pierre"]
[Result "0-1"]
[WhiteElo "2330"]
[BlackElo "2263"]
[PlyCount "98"]
[WhiteTeam "CZE1"]
[BlackTeam "FRA"]
[EventDate "2020.03.06"]

1. d4 Nf6 2. Nf3 e6 3. c4 Bb4+ 4. Bd2 Qe7 5. Nc3 b6 6. g3 Bb7 7. Bg2 O-O 8. O-O
d6 9. a3 Bxc3 10. Bxc3 Nbd7 11. b4 Be4 12. Qd2 Rfe8 13. Rfd1 e5 14. Bb2 exd4
15. Qxd4 Rad8 16. Qc3 h6 17. Rd2 a5 18. Rad1 axb4 19. axb4 Ra8 20. Bh3 Bxf3 21.
exf3 Qe5 22. Qc2 Qh5 23. Bg2 Re6 24. Qc3 Rae8 25. Rd4 Re2 26. Bf1 R2e5 27. Rh4
Qf5 28. f4 Re2 29. Bxe2 Rxe2 30. Re1 Qe4 31. Rxe2 Qxe2 32. Kg2 Kf8 33. Ba1 c5
34. b5 Qe4+ 35. f3 Qe2+ 36. Kg1 d5 37. cxd5 Nxd5 38. Qxg7+ Ke7 39. Rxh6 Qe1+
40. Kg2 Ne3+ 41. Kh3 Qf1+ 42. Kh4 Nf5+ 43. Kg4 Nxg7 44. Bxg7 Qxb5 45. h4 Qd3
46. Rh5 f6 47. Rh6 Kf7 48. Bh8 c4 49. h5 c3 0-1

[Event "FIDE World Senior Team Championship 2020"]
[Site "Olympik hotel, Sokolovska 138, Prague"]
[Date "2020.03.11"]
[Round "6.4.4"]
[White "Letzelter, Jean-Claude"]
[Black "Spacek, Petr"]
[Result "1-0"]
[WhiteElo "2128"]
[BlackElo "2333"]
[PlyCount "103"]
[WhiteTeam "FRA"]
[BlackTeam "CZE1"]
[EventDate "2020.03.06"]

1. b4 Nf6 2. Bb2 e6 3. b5 b6 4. e3 Bb7 5. Nf3 Be7 6. c4 O-O 7. Nc3 c5 8. Be2 d5
9. cxd5 exd5 10. d4 Nbd7 11. O-O Re8 12. Qa4 a6 13. Qc2 c4 14. a4 a5 15. Nd2
Bb4 16. Bf3 Rc8 17. Rfe1 Nf8 18. g3 Rc7 19. Bg2 Rce7 20. Rad1 h5 21. Nf3 Ng6
22. h4 Ne4 23. Ne5 Nxe5 24. Bxe4 Ng4 25. Bf3 Qd7 26. Qe2 Qf5 27. Rc1 Re6 28.
Bg2 g5 29. Qf3 Rf6 30. Qxf5 Rxf5 31. Re2 gxh4 32. gxh4 Re6 33. e4 dxe4 34. Nxe4
Bxe4 35. Bxe4 Rxf2 36. Rxf2 Nxf2 37. Kxf2 Rxe4 38. Rxc4 Rxh4 39. Kg3 Re4 40.
Rc8+ Kh7 41. Kf3 Re1 42. d5 Rd1 43. Ke4 f5+ 44. Ke5 f4 45. Ke6 h4 46. Be5 Kg6
47. Rg8+ Kh7 48. Kf7 Kh6 49. Bxf4+ Kh7 50. Rg7+ Kh8 51. Rg5 Rxd5 52. Rxd5 1-0

[Event "FIDE World Senior Team Championship 2020"]
[Site "Olympik hotel, Sokolovska 138, Prague"]
[Date "2020.03.11"]
[Round "6.5.1"]
[White "Pruefer, Friedbert, Dr."]
[Black "Sejkora, Vlastimil"]
[Result "1-0"]
[WhiteElo "2214"]
[BlackElo "2149"]
[PlyCount "115"]
[WhiteTeam "GER4"]
[BlackTeam "CZE3"]
[EventDate "2020.03.06"]

1. d4 g6 2. c4 Bg7 3. Nc3 d6 4. e4 Nf6 5. f4 O-O 6. Nf3 c5 7. Be2 cxd4 8. Nxd4
Nc6 9. Be3 Ng4 10. Bxg4 Bxg4 11. Nxc6 Qd7 12. Nxe7+ Kh8 13. Qd3 Qxe7 14. O-O
Rfe8 15. Bd4 Bd7 16. Nd5 Qd8 17. Qc3 Rg8 18. Nf6 Bc6 19. Nxg8 Bxd4+ 20. Qxd4+
Kxg8 21. Rad1 Qe7 22. f5 Qh4 23. f6 Re8 24. Rde1 Re6 25. b4 a6 26. Qf2 Qg5 27.
Qf4 Qxf4 28. Rxf4 g5 29. Rf5 h6 30. e5 Kh7 31. g4 Kg6 32. c5 dxc5 33. bxc5 Bd5
34. Rf2 Rc6 35. h3 Be6 36. Rc1 h5 37. gxh5+ Kxh5 38. Kh2 Kg6 39. Kg3 b6 40.
Rfc2 b5 41. h4 Bc4 42. hxg5 Kxg5 43. Rf2 Rc8 44. Rc3 Re8 45. Re3 Rc8 46. Kh2
Be6 47. Rg3+ Kh4 48. Rc3 Rc6 49. Rd2 Bc4 50. Rd8 Kg4 51. Re8 Rxc5 52. a3 Rd5
53. Rc2 Kf4 54. Rf2+ Kg4 55. Rg8+ Kh4 56. e6 Rd1 57. e7 Bd5 58. Rf4+ 1-0

[Event "FIDE World Senior Team Championship 2020"]
[Site "Olympik hotel, Sokolovska 138, Prague"]
[Date "2020.03.11"]
[Round "6.5.2"]
[White "Janda, Zdenek"]
[Black "Brock, Friedemann"]
[Result "0-1"]
[WhiteElo "2065"]
[BlackElo "2230"]
[PlyCount "98"]
[WhiteTeam "CZE3"]
[BlackTeam "GER4"]
[EventDate "2020.03.06"]

1. d4 Nf6 2. Nf3 g6 3. Bf4 Bg7 4. e3 O-O 5. h3 c5 6. c3 b6 7. Be2 Bb7 8. O-O d6
9. Nbd2 Nbd7 10. Bh2 Rc8 11. Re1 Ne4 12. Nxe4 Bxe4 13. Bd3 Nf6 14. Qe2 Qd7 15.
Nd2 Bxd3 16. Qxd3 d5 17. Be5 Rfd8 18. Rad1 Qc6 19. Nf3 Rd7 20. Nh2 Rcd8 21.
Bxf6 Qxf6 22. Ng4 Qe6 23. f4 Rd6 24. Rf1 Qf5 25. Nf2 Qd7 26. g4 f5 27. Qe2 c4
28. Kh2 Kh8 29. Rg1 b5 30. Rg2 a5 31. Rdg1 b4 32. Qc2 Rf8 33. Nh1 Qe6 34. Qd2
fxg4 35. hxg4 Rb6 36. Qf2 bxc3 37. bxc3 Qe4 38. Ng3 Qd3 39. Qd2 Qxd2 40. Rxd2
e6 41. Rf1 a4 42. Kg2 a3 43. e4 Rb2 44. Rxb2 axb2 45. Rb1 Rb8 46. exd5 exd5 47.
Nf1 Bxd4 48. cxd4 c3 49. Ne3 Re8 0-1

[Event "FIDE World Senior Team Championship 2020"]
[Site "Olympik hotel, Sokolovska 138, Prague"]
[Date "2020.03.11"]
[Round "6.6.1"]
[White "Uddenfeldt, Dan"]
[Black "Boehnisch, Manfred"]
[Result "1-0"]
[WhiteElo "2320"]
[BlackElo "2246"]
[PlyCount "73"]
[WhiteTeam "SWE1"]
[BlackTeam "GER7"]
[EventDate "2020.03.06"]

1. Nf3 d5 2. d4 Nf6 3. c4 c6 4. cxd5 cxd5 5. Nc3 Nc6 6. Bf4 Ne4 7. e3 Nxc3 8.
bxc3 g6 9. Rc1 Bf5 10. Qb3 Qb6 11. Qxd5 Qb2 12. e4 e6 13. Qb3 Qxb3 14. axb3
Bxe4 15. Nd2 Bf5 16. Nc4 Rd8 17. b4 f6 18. b5 Nb8 19. Ra1 a6 20. b6 Be4 21. Bc7
Rc8 22. Nd6+ Bxd6 23. Bxd6 Nd7 24. Bc7 e5 25. f3 Bc6 26. Ra5 exd4 27. cxd4 O-O
28. Kf2 Nb8 29. Bd3 Kg7 30. d5 Be8 31. g4 Rf7 32. Re1 Rd7 33. Be4 Rdxc7 34.
bxc7 Rxc7 35. d6 Rd7 36. Bxb7 Bf7 37. Re7 1-0

[Event "FIDE World Senior Team Championship 2020"]
[Site "Olympik hotel, Sokolovska 138, Prague"]
[Date "2020.03.11"]
[Round "6.6.2"]
[White "Beltz, Robert"]
[Black "Renman, Nils-Gustaf"]
[Result "0-1"]
[WhiteElo "2158"]
[BlackElo "2307"]
[PlyCount "77"]
[WhiteTeam "GER7"]
[BlackTeam "SWE1"]
[EventDate "2020.03.06"]

1. d4 e6 2. Bf4 c5 3. e3 Nf6 4. Nf3 Nc6 5. Nbd2 d5 6. c3 Bd6 7. dxc5 Bxc5 8.
Bd3 Qe7 9. e4 h6 10. b4 Bb6 11. b5 Nh5 12. Be3 Bxe3 13. fxe3 dxe4 14. Nxe4 Na5
15. O-O Nf6 16. Qa4 b6 17. Ne5 Bb7 18. Nc6 Bxc6 19. bxc6 Nxe4 20. Qxe4 f5 21.
Qe5 Nxc6 22. Bb5 Rc8 23. Rad1 O-O 24. Qg3 Qc5 25. c4 Rcd8 26. Bxc6 Qxc6 27. Qh4
Rd7 28. Rd4 e5 29. Rxd7 Qxd7 30. c5 Qd3 31. Qf2 bxc5 32. Rc1 Rc8 33. e4 fxe4
34. Re1 Qd4 35. Qe3 c4 36. Kh1 Qxe3 37. Rxe3 c3 38. Re1 c2 39. Rc1 0-1

[Event "FIDE World Senior Team Championship 2020"]
[Site "Olympik hotel, Sokolovska 138, Prague"]
[Date "2020.03.11"]
[Round "6.6.4"]
[White "Walther, Hans-Wolfgang"]
[Black "Malmdin, Nils-Ake"]
[Result "0-1"]
[WhiteElo "2111"]
[BlackElo "2168"]
[PlyCount "66"]
[WhiteTeam "GER7"]
[BlackTeam "SWE1"]
[EventDate "2020.03.06"]

1. d4 Nf6 2. c4 e6 3. Nc3 Bb4 4. e3 O-O 5. Bd3 c5 6. a3 Bxc3+ 7. bxc3 Nc6 8.
Nf3 d6 9. e4 e5 10. d5 Ne7 11. O-O Ne8 12. Ne1 f5 13. exf5 Bxf5 14. f4 e4 15.
Be2 h6 16. g4 Bh7 17. Ng2 Ng6 18. Qe1 Nc7 19. a4 a6 20. h4 Re8 21. g5 hxg5 22.
hxg5 Ne7 23. Nh4 Qd7 24. Kg2 e3 25. Kg3 Bf5 26. Bxe3 Nexd5 27. Nxf5 Qxf5 28.
Bd2 Ne3 29. Rf2 Nc2 30. Qh1 Nxa1 31. Rh2 Rxe2 32. Rh8+ Kf7 33. Qh5+ Qg6 0-1

[Event "FIDE World Senior Team Championship 2020"]
[Site "Olympik hotel, Sokolovska 138, Prague"]
[Date "2020.03.11"]
[Round "6.7.1"]
[White "Ackermann, Hans Werner"]
[Black "Beilfuss, Wilfried, Dr."]
[Result "1/2-1/2"]
[WhiteElo "2242"]
[BlackElo "2205"]
[PlyCount "50"]
[WhiteTeam "GER3"]
[BlackTeam "GER9"]
[EventDate "2020.03.06"]

1. Nf3 Nf6 2. b3 c5 3. Bb2 e6 4. g3 b6 5. Bg2 Bb7 6. O-O Be7 7. c4 d6 8. Nc3
O-O 9. d4 cxd4 10. Qxd4 a6 11. Rfd1 Nbd7 12. Rac1 Qc7 13. Ne1 Bxg2 14. Nxg2 Qb7
15. Ba3 Nc5 16. Bxc5 dxc5 17. Qf4 Rfd8 18. Ne1 h6 19. Qf3 Qxf3 20. Nxf3 Bd6 21.
Rd3 Bc7 22. Rcd1 Rxd3 23. Rxd3 Kf8 24. h3 Ke7 25. Kf1 Rb8 1/2-1/2

[Event "FIDE World Senior Team Championship 2020"]
[Site "Olympik hotel, Sokolovska 138, Prague"]
[Date "2020.03.11"]
[Round "6.7.2"]
[White "Becker, Norbert"]
[Black "Baum, Bernd, Dr."]
[Result "0-1"]
[WhiteElo "2107"]
[BlackElo "2249"]
[PlyCount "90"]
[WhiteTeam "GER9"]
[BlackTeam "GER3"]
[EventDate "2020.03.06"]

1. d4 d5 2. Nf3 e6 3. e3 c5 4. c3 Nf6 5. Bd3 Nbd7 6. O-O b6 7. Nbd2 Bb7 8. Qe2
Ne4 9. Ne5 Bd6 10. f4 O-O 11. Nxe4 dxe4 12. Bb5 Nb8 13. Rd1 Qc7 14. Bd2 a6 15.
Ba4 b5 16. Bb3 c4 17. Bc2 f6 18. Ng4 Nd7 19. b4 Nb6 20. a4 Qf7 21. Ra2 Qg6 22.
Rda1 bxa4 23. Bxa4 h5 24. Nf2 Bxf4 25. Bc2 Bc7 26. Qf1 f5 27. Nh3 Rac8 28. Nf4
Qh6 29. Bd1 Bxf4 30. exf4 Nd5 31. g3 Qg6 32. Qh3 e3 33. Be1 Nxf4 34. Qh4 Nd5
35. Qxh5 Qxh5 36. Bxh5 f4 37. Bf3 fxg3 38. Bxd5 gxh2+ 39. Rxh2 Bxd5 40. Rxa6
Rf4 41. Bg3 Rg4 42. Rh3 Rf8 43. Ra1 Rf3 44. Kh2 e2 45. Re1 Rf1 0-1

[Event "FIDE World Senior Team Championship 2020"]
[Site "Olympik hotel, Sokolovska 138, Prague"]
[Date "2020.03.11"]
[Round "6.7.3"]
[White "Kierzek, Matthias, Dr."]
[Black "Mueller, Gerhard"]
[Result "1/2-1/2"]
[WhiteElo "2217"]
[BlackElo "2095"]
[PlyCount "43"]
[WhiteTeam "GER3"]
[BlackTeam "GER9"]
[EventDate "2020.03.06"]

1. d4 d5 2. c4 c6 3. Nf3 Nf6 4. e3 Nbd7 5. cxd5 cxd5 6. Nc3 e6 7. Bd3 Bd6 8.
O-O O-O 9. h3 Re8 10. Bd2 b6 11. Rc1 a6 12. e4 dxe4 13. Nxe4 Nxe4 14. Bxe4 Ra7
15. Bg5 Be7 16. Bf4 Nf6 17. Bb8 Bb7 18. Bxa7 Bxe4 19. Qb3 Nd5 20. Ne5 Qa8 21.
Nc6 Bg5 22. f3 1/2-1/2

[Event "FIDE World Senior Team Championship 2020"]
[Site "Olympik hotel, Sokolovska 138, Prague"]
[Date "2020.03.11"]
[Round "6.7.4"]
[White "Thoele, Wolfgang, Dr."]
[Black "Herbrechtsmeier, Christof"]
[Result "0-1"]
[WhiteElo "1875"]
[BlackElo "2177"]
[PlyCount "88"]
[WhiteTeam "GER9"]
[BlackTeam "GER3"]
[EventDate "2020.03.06"]

1. e4 c5 2. Nc3 Nc6 3. d3 e6 4. g3 Nf6 5. Bg2 Be7 6. Nf3 d5 7. O-O O-O 8. Bf4
Qb6 9. b3 Rd8 10. e5 Nd7 11. Re1 Nf8 12. d4 Nxd4 13. Nxd4 cxd4 14. Na4 Qc7 15.
Qxd4 Bd7 16. Nc3 Bc5 17. Qd3 Qb6 18. Nd1 Bb5 19. Qf3 Rd7 20. Nb2 Ba3 21. Bc1
Qa5 22. Qd1 Bb4 23. Re3 Rc8 24. Bf1 Bxf1 25. Kxf1 Bc3 26. a3 b5 27. Ra2 Ng6 28.
Nd3 Qc7 29. Bb2 Qb7 30. Re2 d4 31. Kg1 a5 32. f4 Qd5 33. a4 b4 34. Bxc3 dxc3
35. Qf1 Ne7 36. Qg2 Nf5 37. Qxd5 Rxd5 38. Kf2 Rcd8 39. Ke1 Nd4 40. Re3 Nxc2+
41. Rxc2 Rxd3 42. Rxd3 Rxd3 43. Ke2 Rd5 44. Ke3 Rd1 0-1

[Event "FIDE World Senior Team Championship 2020"]
[Site "Olympik hotel, Sokolovska 138, Prague"]
[Date "2020.03.11"]
[Round "6.9.1"]
[White "Ogaard, Leif"]
[Black "Rooze, Jan"]
[Result "1/2-1/2"]
[WhiteElo "2362"]
[BlackElo "2245"]
[PlyCount "44"]
[WhiteTeam "NOR1"]
[BlackTeam "BEL"]
[EventDate "2020.03.06"]

1. Nf3 c5 2. c4 Nf6 3. Nc3 Nc6 4. d4 cxd4 5. Nxd4 e6 6. Ndb5 d5 7. Bf4 e5 8.
cxd5 exf4 9. dxc6 bxc6 10. Qxd8+ Kxd8 11. Rd1+ Bd7 12. Nd4 Kc7 13. g3 Rb8 14.
Rd2 Bb4 15. Bg2 c5 16. Nb3 fxg3 17. hxg3 Be6 18. O-O Rhd8 19. Rxd8 Rxd8 20. Rc1
Bxb3 21. axb3 Rd2 22. Na4 Rxe2 1/2-1/2